[Event "AUTO-OPEN-858"]
[Site "http://www.queenalice.com/game.php?id=283199"]
[Date "2007.10.8"]
[Round "1"]
[White "pviaro"]
[Black "trono"]
[Result "1-0"]
[WhiteElo "1811"]
[BlackElo "1744"]

1. e4 c5 2. d4 cxd4 3. Qxd4 Nc6 4. Qd1 e5 5. Nf3 Nf6 6. Nc3 Bb4 7. Qd3 O-O 8.
Bd2 d6 9. a3 Ba5 10. b4 Bb6 11. Bg5 h6 12. Bh4 Bg4 13. Be2 g5 14. Nxg5 hxg5 15.
Bxg5 Bxe2 16. Nxe2 Bxf2+ 17. Kf1 Bd4 18. c3 Bb6 19. Rd1 Bc7 20. Qf3 Kg7 21. h4
Rh8 22. Rh3 Qe7 23. Ng3 Qe6 24. Nf5+ Kg6 25. Bxf6 Qxf6 26. Rg3+ Kh7 27. Qh5+ 1-0

[Event "AUTO-OPEN-858"]
[Site "http://www.queenalice.com/game.php?id=283200"]
[Date "2007.10.8"]
[Round "1"]
[White "trono"]
[Black "pviaro"]
[Result "0-1"]
[WhiteElo "1594"]
[BlackElo "1799"]

1. e4 e5 2. Nf3 Nc6 3. Bc4 d6 4. O-O a6 5. a3 Bg4 6. h3 Bh5 7. Nc3 Nf6 8. d3 h6
9. Bd2 Nd4 10. g4 Bg6 11. Nh2 b5 12. Ba2 Be7 13. f4 exf4 14. Bxf4 Nd7 15. Nf3
Ne6 16. Bh2 h5 17. Rf2 Qb8 18. Qd2 hxg4 19. hxg4 c6 20. Bxe6 fxe6 21. Raf1 e5
22. d4 Nf6 23. g5 Nxe4 24. Nxe4 Bxe4 25. dxe5 d5 26. e6 Qb6 27. Nd4 Bd6 28. Re1
Rh4 29. Rxe4 Bxh2+ 30. Rxh2 Rxe4 31. Rh8+ Ke7 0-1

[Event "AUTO-OPEN-858"]
[Site "http://www.queenalice.com/game.php?id=283227"]
[Date "2007.10.8"]
[Round "1"]
[White "silverado"]
[Black "trono"]
[Result "1-0"]
[WhiteElo "1675"]
[BlackElo "1736"]

1. e4 c5 2. Na3 d6 3. Bc4 Nc6 4. c3 Bd7 5. Nf3 Nf6 6. d3 e6 7. Bg5 h6 8. Bxf6
Qxf6 9. O-O Be7 10. Nb5 Bd8 11. Nxd6+ Ke7 12. Nxb7 Rb8 13. Nxc5 Rxb2 14. Qc1 Rb8
15. Qa3 Ke8 16. Nxd7 Kxd7 17. d4 Be7 18. Qa4 Kc7 19. Ne5 Nxe5 20. Qxa7+ Rb7 21.
Qa5+ Rb6 22. Rab1 Nxc4 23. Qa7+ Kc6 24. Qa4+ Kc7 25. Qxc4+ Rc6 26. Qb5 Rc8 27.
d5 exd5 28. exd5 Rc5 29. Qb7+ Kd6 30. Rb6+ R5c6 31. Rxc6+ Rxc6 32. Qxc6+ Ke5 33.
Re1+ Kf5 34. Qd7+ Kg6 35. Qg4+ Kh7 36. Qe4+ Kg8 37. Qxe7 Qxc3 38. Qe4 f5 39.
Qe6+ Kh8 40. g3 h5 41. Qe8+ Kh7 42. Qxh5+ Kg8 43. Re8# 1-0

[Event "AUTO-OPEN-858"]
[Site "http://www.queenalice.com/game.php?id=283228"]
[Date "2007.10.8"]
[Round "1"]
[White "trono"]
[Black "silverado"]
[Result "0-1"]
[WhiteElo "1718"]
[BlackElo "1712"]

1. e4 e5 2. Nf3 Nf6 3. Nc3 d6 4. Bc4 c6 5. O-O d5 6. exd5 e4 7. Re1 cxd5 8. Bb3
Be7 9. Nd4 Bg4 10. Nce2 Na6 11. h3 Bh5 12. Nf4 Bxd1 13. Rxd1 Qd6 14. d3 Nc7 15.
Be3 g6 16. Ba4+ Nd7 17. c4 exd3 18. Rxd3 O-O 19. Re1 dxc4 20. Rc3 Nb6 21. Bd1 g5
22. Nfe2 Qe5 23. Nf3 Qg7 24. Bxg5 Bb4 25. Bd2 Rad8 26. Rc2 a5 27. a3 Bxd2 28.
Nxd2 Kh8 29. Nxc4 Rg8 30. g3 Nxc4 31. Rxc4 Rc8 32. b3 Nd5 33. Rg4 Qa1 34. Rd4
Nc3 35. Nxc3 Qxc3 36. Rde4 Qc5 37. Bg4 f5 38. Re5 Qd4 39. Bd1 Rxg3+ 40. Kf1 Rxh3
41. Kg2 Qd3 42. Be2 Rg8+ 43. Kf1 Rh1# 0-1

[Event "Challenge"]
[Site "http://www.queenalice.com/game.php?id=296883"]
[Date "2007.11.2"]
[Round "-"]
[White "felipefeyh"]
[Black "trono"]
[Result "0-1"]
[WhiteElo "1273"]
[BlackElo "1630"]

1. e4 c5 2. e5 Nc6 3. e6 dxe6 4. Bb5 Bd7 5. Qe2 a6 6. Ba4 b5 7. Bb3 Nd4 8. Qe4
Nf6 9. Qe5 Rc8 10. Nf3 Nxf3+ 11. gxf3 g6 12. h4 Bg7 13. a4 c4 0-1

[Event "AUTO-OPEN-906"]
[Site "http://www.queenalice.com/game.php?id=306116"]
[Date "2007.11.18"]
[Round "1"]
[White "silverhawks"]
[Black "trono"]
[Result "1-0"]
[WhiteElo "2084"]
[BlackElo "1632"]

1. e4 c5 2. Bc4 Nc6 3. Nf3 d6 4. O-O Bg4 5. h3 Bxf3 6. Qxf3 e6 7. d3 Nd4 8. Qd1
Nf6 9. c3 Nc6 10. Bb5 Qb6 11. Bxc6+ Qxc6 12. Nd2 Be7 13. Nf3 O-O 14. Bg5 h6 15.
Bf4 Nh5 16. Be3 b6 17. e5 d5 18. Ne1 g6 19. Bxh6 Rfd8 20. Nf3 Bf8 21. Bg5 Kh7
22. Bxd8 Rxd8 23. Ng5+ Kg7 24. Qf3 Rd7 25. g4 Kh6 26. Nxf7+ Kg7 27. Ng5 c4 28.
gxh5 gxh5 29. Qxh5 1-0

[Event "AUTO-OPEN-906"]
[Site "http://www.queenalice.com/game.php?id=306117"]
[Date "2007.11.18"]
[Round "1"]
[White "trono"]
[Black "silverhawks"]
[Result "0-1"]
[WhiteElo "1630"]
[BlackElo "2086"]

1. e4 e5 2. Nf3 Nc6 3. Bc4 Nf6 4. Qe2 Bd6 5. d3 Nd4 6. Nxd4 exd4 7. Qf3 O-O 8.
c3 Be5 9. O-O d6 10. cxd4 Bg4 11. Qe3 Bxh2+ 12. Kxh2 d5 13. exd5 Nxd5 14. Bxd5
Qxd5 15. Qg3 Qxd4 16. Be3 Qd7 17. d4 Rfe8 18. Nd2 c6 19. f3 Bf5 20. Bh6 g6 21.
Ne4 Bxe4 22. fxe4 Rxe4 23. Rf4 Qxd4 24. Rxe4 Qxe4 25. Re1 Qb4 26. Qe5 Qh4+ 27.
Kg1 Qxh6 28. b3 Qd2 29. Rf1 Qxa2 0-1

[Event "AUTO-OPEN-906"]
[Site "http://www.queenalice.com/game.php?id=306138"]
[Date "2007.11.18"]
[Round "1"]
[White "trono"]
[Black "BarnabyJockers"]
[Result "0-1"]
[WhiteElo "1639"]
[BlackElo "1789"]

1. e4 d6 2. Nf3 Nf6 3. Bc4 Bg4 4. h3 Bh5 5. O-O e6 6. d3 Be7 7. Nc3 a6 8. a3
Nbd7 9. Be3 Ne5 10. g4 Nfxg4 11. hxg4 Bxg4 12. d4 Nxc4 13. b3 h5 14. bxc4 c6 15.
Kg2 h4 16. Nh2 Bxd1 17. Raxd1 g5 18. Ng4 Qd7 19. e5 d5 20. c5 O-O-O 21. Na4 Kb8
22. Nb6 Qe8 23. c4 f5 24. exf6 h3+ 0-1

[Event "AUTO-OPEN-906"]
[Site "http://www.queenalice.com/game.php?id=306139"]
[Date "2007.11.18"]
[Round "1"]
[White "BarnabyJockers"]
[Black "trono"]
[Result "1-0"]
[WhiteElo "1778"]
[BlackElo "1650"]

1. e3 d5 2. Nc3 Nf6 3. Nf3 Bg4 4. Be2 e6 5. d4 Be7 6. a3 O-O 7. Ne5 Bxe2 8. Qxe2
c5 9. dxc5 Bxc5 10. Rb1 Nc6 11. Nxc6 bxc6 12. b4 Bb6 13. Bb2 e5 14. O-O Re8 15.
Na4 d4 16. Nxb6 Qxb6 17. Rfe1 dxe3 18. Qxe3 Qxe3 19. Rxe3 Nd7 20. Rbe1 f6 21. f4
Kf7 22. fxe5 fxe5 23. Bxe5 Nxe5 24. Rxe5 1-0

[Event "AUTO-OPEN-906"]
[Site "http://www.queenalice.com/game.php?id=306140"]
[Date "2007.11.18"]
[Round "1"]
[White "trono"]
[Black "rgoncalves"]
[Result "0-1"]
[WhiteElo "1706"]
[BlackElo "1383"]

1. e4 Nc6 2. Nf3 d6 3. Bc4 g6 4. O-O Nf6 5. Nc3 Na5 6. Bb3 Nxb3 7. axb3 Bh6 8.
d3 Bxc1 9. Qxc1 e5 10. Re1 Ng4 11. h3 Nf6 12. d4 Qe7 13. dxe5 dxe5 14. Nd5 Nxd5
15. exd5 e4 16. Qe3 O-O 17. Qxe4 Qxe4 18. Rxe4 b5 19. c4 Bd7 20. c5 Bf5 21. Rb4
Rfd8 22. Rd1 a6 0-1

[Event "AUTO-OPEN-906"]
[Site "http://www.queenalice.com/game.php?id=306141"]
[Date "2007.11.18"]
[Round "1"]
[White "rgoncalves"]
[Black "trono"]
[Result "1-0"]
[WhiteElo "1412"]
[BlackElo "1677"]

1. Nf3 c5 2. g3 Nc6 3. e4 d6 4. b3 e5 5. Nc3 Bg4 6. Be2 Nf6 7. h3 Bh5 8. g4 Bg6
9. d3 Be7 10. Nd5 Nxd5 11. exd5 Nb4 12. c3 Na6 13. d4 exd4 14. cxd4 cxd4 15.
Bb5+ Kf8 16. Bxa6 bxa6 17. a4 h5 18. Qxd4 Bf6 19. Qf4 Be5 20. Nxe5 dxe5 21. Ba3+
Kg8 22. Qg3 1-0

[Event "AUTO-OPEN-787"]
[Site "http://www.queenalice.com/game.php?id=315575"]
[Date "2007.12.6"]
[Round "2"]
[White "OLIMP2458"]
[Black "trono"]
[Result "1-0"]
[WhiteElo "1946"]
[BlackElo "1626"]

1. e4 c5 2. c3 Nc6 3. d4 cxd4 4. cxd4 e6 5. Nc3 Bb4 6. Nf3 Nf6 7. Bg5 h6 8. Bd2
O-O 9. a3 Ba5 10. b4 Bb6 11. Be2 Nh7 12. Be3 d5 13. O-O f6 14. Rc1 1-0

[Event "AUTO-OPEN-787"]
[Site "http://www.queenalice.com/game.php?id=315576"]
[Date "2007.12.6"]
[Round "2"]
[White "trono"]
[Black "OLIMP2458"]
[Result "0-1"]
[WhiteElo "1629"]
[BlackElo "1943"]

1. e4 e5 2. Nf3 Nf6 3. Nc3 Bb4 4. d3 d6 5. Bd2 Nc6 6. Be2 O-O 7. O-O Be6 8. a3
Bc5 9. b4 Bb6 10. Qc1 Bg4 11. h3 Be6 12. Bg5 a6 13. Bd1 Nd4 14. Nxd4 Bxd4 0-1

[Event "AUTO-OPEN-787"]
[Site "http://www.queenalice.com/game.php?id=315581"]
[Date "2007.12.6"]
[Round "2"]
[White "trono"]
[Black "jmarcen"]
[Result "0-1"]
[WhiteElo "1619"]
[BlackElo "2060"]

1. e4 Nf6 2. Nc3 d5 3. e5 Nfd7 4. d4 e6 5. Bd3 c5 6. dxc5 Nxe5 7. Bb5+ Bd7 8.
Bxd7+ Nbxd7 9. Be3 Bxc5 10. Bxc5 Nxc5 11. Nf3 Nxf3+ 12. Qxf3 O-O 13. O-O Qb6 14.
b3 Rac8 0-1

[Event "AUTO-OPEN-787"]
[Site "http://www.queenalice.com/game.php?id=315582"]
[Date "2007.12.6"]
[Round "2"]
[White "jmarcen"]
[Black "trono"]
[Result "1-0"]
[WhiteElo "2046"]
[BlackElo "1623"]

1. e4 c5 2. c3 Nc6 3. d4 cxd4 4. cxd4 e6 5. Nc3 Bb4 6. Nf3 Nf6 7. Bd3 d5 8. e5
Nd7 9. O-O f6 10. exf6 Qxf6 11. Bg5 Qf7 12. a3 Ba5 13. Nb5 a6 14. Nd6+ 1-0

[Event "AUTO-OPEN-665"]
[Site "http://www.queenalice.com/game.php?id=316516"]
[Date "2007.12.7"]
[Round "2"]
[White "CVEIGA15"]
[Black "trono"]
[Result "1-0"]
[WhiteElo "1909"]
[BlackElo "1628"]

1. c4 c5 2. Nf3 Nc6 3. Nc3 d6 4. g3 Bf5 5. Bg2 Nf6 6. O-O e5 7. e3 Be7 8. d4 O-O
9. Nh4 Bg6 10. Nxg6 fxg6 11. d5 Nb4 12. f4 exf4 13. gxf4 1-0

[Event "AUTO-OPEN-665"]
[Site "http://www.queenalice.com/game.php?id=316517"]
[Date "2007.12.7"]
[Round "2"]
[White "trono"]
[Black "CVEIGA15"]
[Result "0-1"]
[WhiteElo "1623"]
[BlackElo "1914"]

1. e4 e5 2. Nf3 Nc6 3. Bc4 Bc5 4. Qe2 d6 5. Nc3 Nf6 6. d3 Bg4 7. Be3 Nd4 8. Bxd4
Bxd4 9. h3 Be6 10. Nd5 Bxb2 11. Rb1 Bxd5 12. Bxd5 Bc3+ 0-1